000 00344nam a2200133Ia 4500
008 240624s9999 xx 000 0 und d
041 _aeng
082 _a332 BRU
100 _aBRUSH C G
245 _aLIFE CYCLE OF NEW VENTURES
260 _c2010
_aCheltenham
_bEdward Elgar Publishing Inc.
300 _a224 : p. : cm. ; 24
365 _cBPS
_b27
999 _c16978
_d16978